00837nam a22002537a 45000010005000000030006000050050017000110080041000280200018000690400029000870500014001160820011001301000020001412450049001612600042002103000049002524900052003015050008003535200119003615210021004805210020005016500029005217000033005503591FISKH20241212092543.0240321b cb ||||| |||| 00| 0 eng d a9780516445410 aFISKHbengcFISKHdFISKH aML3930.M9 a780.92 aVenezia , Mike  aWolfgang Amadeus Mozart / cby Mike Venezia  aChicago : bChildren's Press , c1995 a32 pages : bcolor illustrations ;c25 cm .  a Getting to Know the World's Greatest Composers aZ  aA biography of the child prodigy who wrote more than 800 pieces of music before his untimely death at thirty-five.8 a1040 bLexile 8 aZ bRaz-Plus  amozartvjuvenile fiction aVenezia , Mikeeillustrator